OECD Economic Surveys: Slovak Republic 2017 June 2017

Na minha lista:
Detalhes bibliográficos
Formato: Livro
Idioma:inglês
Publicado em: Paris OECD 2017
Colecção:OECD Economic Surveys
Assuntos:
Tags: Adicionar Tag
Sem tags, seja o primeiro a adicionar uma tag!

MARC

LEADER 00000nam a2200000 4500
001 0242282
005 20240314123305.9
020 |a 978-92-64-27753-3 
022 |a 1995-3526 
041 0 |a eng 
044 |a FR 
245 1 0 |a OECD Economic Surveys: Slovak Republic 2017  |b June 2017 
264 1 |a Paris  |b OECD  |c 2017 
300 |a 144 s. 
490 1 |a OECD Economic Surveys 
830 0 |a OECD Economic Surveys 
610 2 0 |a situácia hospodárska 
610 2 0 |a trh práce 
610 2 0 |a rozvoj trvalo udržateľný 
610 2 0 |a reformy štruktúrne 
610 2 0 |a zručnosti 
610 2 0 |a vzdelávanie sekundárne 
610 2 0 |a vzdelávanie terciárne 
610 2 0 |a starostlivosť zdravotná 
610 2 0 |a priemysel automobilový 
610 2 0 |a Slovensko